000 00707nam a2200229 a 4500
999 _c3188
_d3188
001 3188
003 BD-JhCC
005 20171112101820.0
008 171111s1985 bg |||| ||a| 000 0 ben d
035 _a(BD-JhCC)3188
040 _aBD-JhCC
_dBD-JhCC
041 _aben
082 _a511.1
_bZAM 1985
100 _aজামান, সেলিনা
245 _aসংখ্যা /
_cসেলিনা জামান,
260 _aঢাকা :
_bবাংলাদেশ একাডেমী,
_c1985
300 _a103 p. :
_c18 cm.
490 _aSeries in honour of the Martyrs of the Language Movement of February 1952.
650 _aNumber
_xMathematic
942 _2ddc
_cBK